MDQL
is popping MORE tags! Check the
thread
!
Quizzes
Events
Quiz Creation
Community
Videos
Private Events
Remove Ads
Sign In
Join for FREE
Feedback
Dark Mode
Quiz Categories
Sports
Geography
Music
Movies
Television
Just For Fun
Miscellaneous
History
Literature
Language
Science
Gaming
Entertainment
Religion
Holiday
For Kids
Quiz Lab
Recent
Popular Today
Quiz Kudos Today
Editor Picks
Curator Picks
Quizzes by...
Day
Popularity
Type
Ratings
Length
Year
Community
Subscriptions
Recent Discussions
Orange Saloon
Badges
Playlists
Quests
Create
Leaderboards
Showdown
Live 5
Trivia Bingo
Activity
Puzzle Library
Sporcle Events
Private Events
Virtual Trivia
Globe League
Become a Host
Pub Owners
SporcleCon
Opinionation
Our Games
Videos
Blog
Mobile Apps
Partnerships
Remove Ads and Go Orange
Feedback
Geography
Country
Landmarks
City
State
Population
World
Capital
Continent
Flags
Europe
Africa
Asia
South America
North America
Oceania
Border
Canada
United Kingdom
Topography
United States
Geography
Country
Landmarks
City
State
Population
World
Capital
Continent
Flags
Europe
Africa
Asia
South America
North America
Oceania
Border
Canada
United Kingdom
Topography
United States
Random Quiz
Search Sporcle
×
Quiz Lab
Quiz Lab
Geography
Politics
Type in answers that appear in a list
Type in answers that appear in a list
Classic
Best Score? Go Orange.
Wannabe Independent Nations Stats
Can you name the Wannabe Independent Nations?
By
andy_16sp
10m
30 Questions
208 Plays
208 Plays
208 Plays
Comments
Comments
Give Quiz Kudos
Give Quiz Kudos
-
- Ratings
hide this ad
More Info
Forced Order
Answers have to be entered in order
Answers have to be entered in order
Replay
Link that replays current quiz
Next Quiz
Link to next quiz in quiz playlist
You Got
0%
They Got
Avg Score
83%
Avg Friend Score
Upgrade to see
Score Distribution
Jump to the score distribution portion of the page
Score
0/30
Timer
10:00
0
Plays Today
Region/Party i.e. Catalonia
Country i.e. Spain
% Correct
Scotland
UK
99%
South Mongol /
Inner Mongolia
China
97.6%
Basque Country
Spain
97.1%
Palestine
Israel
96.6%
Quebec
Canada
96.6%
Yorkshire
UK
96.2%
Somaliland
Somalia
94.7%
Cornwall
UK
94.2%
Guam
USA
93.3%
Flemish Region
Belgium
93.3%
Jammu and Kashmir
India
92.8%
Kurdistan
Iran
92.3%
Bavaria
Germany
92.3%
Chechnya
Russia
92.3%
Sardinia
Italy
91.8%
Region/Party i.e. Catalonia
Country i.e. Spain
% Correct
Canary Islands
Spain
90.9%
Shetland Islands
UK
89.4%
Zanzibar
Tanzania
85.1%
Andalusia
Spain
84.6%
South Ossetia
Georgia
82.7%
Guiana
France
81.3%
Wallonia
Belgium
72.1%
Sevastopol
Ukraine
72.1%
Abkhazia
Georgia
71.2%
Transnistria
Moldova
69.7%
Novorossiya
Ukraine
66.3%
Sahrawi Arab Republic
Morocco
64.4%
Nagorno-
Karabakh
Azerbaijan
62.5%
Republika Srpska
Bosnia
52.4%
Sarawak
Malaysia
50%
Quiz Playlist
Details
Report
Send in Message
Add To Playlist
More Info:
Name the country these regions wanted to gain succession from.
Classic:
Type in answers that appear in a list
Forced Order:
Answers have to be entered in order
Last Updated: Feb 16, 2017
Quiz Scoreboard
CHALLENGE
Sign Up to Join the Scoreboard
Show All
Scores
Hide
Comments
May contain spoilers
Recently Published
Colored Red Africa Blitz
by spor1
Geography
30s
Find the 'City' Movie
by crazypaving
Movies
60s
5x2 Blitz: Bands
by SL_Kpop136
Music
30s
More to Explore
Quiz From the Vault
Featured Blog Post
14 Easter Pick-up Lines to Find Eggs With
hide this ad
You Might Also Like...
Tags
Nation Quiz
Politics Quiz
independence
National Geography
Today's Top Quizzes in Geography
Browse Geography
hide this ad
Today's Top Quizzes in Politics
Browse Politics
Top Contributed Quizzes in Geography
1
Countries of the World - No Outlines Minefield
2
Colored Red Europe Blitz I
3
Colored Red Africa Blitz II
4
Colored Red Europe Blitz II
5
Colored Red Africa Blitz III
6
Colored Red Europe Blitz III
7
African Flag Reveal XLVI
8
Colored Red States Blitz I
9
Colored Red States Blitz II
10
Colored Red States Blitz III
Explore More
Trending Topics
Marvel
Kpop
Crossword
Anime
Disney
Harry Potter
NBA
NFL
Country
Pokémon
The Office
Song
WWE
Puzzle
Soccer
hide this ad
More By:
andy_16sp
Quiz
Plays
Rating
Category
Featured
Created
Sportspeople of the 2010s
17,155
4.18
Sports
Dec 31, 2019
Name these events in Scottish History
797
4.50
History
Dec 3, 2015
Facts about the Scottish Islands.
579
5.00
Geography
Nov 1, 2015
Name the facts about the UK's railways
537
2.60
Geography
Apr 13, 2016
Railway Stations in Glasgow
473
3.00
Geography
Mar 8, 2015
Go to Creator's Profile
Score Distribution
Quiz Creator Spotlight
andy_16sp
Follow
Send a Message
Quizzes Created
-
Created Quiz Play Count
-
More By This Creator
Popular Quizzes Today
1
Colored Red Africa Blitz
2
Find the 'City' Movie
3
Find the US States - No Outlines Minefield
4
5x2 Blitz: Bands
5
The Countries of the World
6
Find the US States
7
US States
8
9x9 Crossword: Cartoon Network
More Geography Quizzes
United States Reveal XVII
Quiz Lab
Trending Quizzes
Colored Red Europe Blitz I
Colored Red Europe Blitz II
Colored Red Africa Blitz II
Colored Red Africa Blitz III
Colored Red Europe Blitz III
Recently Updated
Godzilla Movies
pecheneg
Grab Bag: 4-10 Letters
pecheneg
2024 March Madness Bracket
pecheneg
Famous TV Couples
Peacemaker
Champions League XIs: Real Madrid
pecheneg
Largest US Cities 1790-2010
pecheneg
Rides in Walt Disney World
pecheneg
Most Oscar Losses (Acting)
pecheneg
Beyoncé Albums
pecheneg
Leaping Animals
pecheneg
Trending Topics
Kpop
NBA
Marvel
Harry Potter
Crossword
Anime
Disney
The Office
Pokémon
Song
Country
Puzzle
Soccer
NFL
WWE
Your Account Isn't Verified!
In order to create a playlist on Sporcle, you need to verify the email address you used during registration. Go to your
Sporcle Settings
to finish the process.
Report this User
Report this user for behavior that violates our
Community Guidelines
.
Details:
Send Report
Go to the Sporcle.com Mobile Site →
Comments